| 000 | 01098nas a2200337 4500 | ||
|---|---|---|---|
| 001 | BR0305314 | ||
| 003 | BR-BrBNA | ||
| 005 | 20231205104136.0 | ||
| 007 | ta | ||
| 008 | 230509b bl.|||p| |||| 00| 00por d | ||
| 040 |
_aBR-BrBNA _bpor _cBiblioteca Nacional de Agricultura |
||
| 041 | _a(Pt) | ||
| 072 | _aF02; F60 | ||
| 100 | 1 | _aBianchi, V.J. | |
| 100 | 1 | _aMachado, L.B. | |
| 100 | 1 | _aRodrigues, L.T. | |
| 100 | 1 | _aCofcewicz, E.T. | |
| 100 | 1 | _aMedeiros, C.A.B. | |
| 245 | 1 | _aCaracterização química e eficiência de dois substratos na produção de porta-enxertos de citros em recipientes | |
| 650 | _aLIMÃO CRAVO | ||
| 650 | _aMUDA | ||
| 650 | _aSUBSTRATO DE CULTURA | ||
| 650 | _aPROPRIEDADE FÍSICO-QUÍMICA | ||
| 650 | _aPRODUÇÃO VEGETAL | ||
| 650 | _aPORTA ENXERTO | ||
| 650 | _aESTUFA PLÁSTICA | ||
| 773 | 0 |
_tRevista Brasileira de Agrociência (Brazil) _xISSN 0104-8996 _g(Jan-Mar 2003), v. 9(1) p. 75-77 _wBR0305314 |
|
| 856 | 4 | 0 | _uhttp://www.ufpel.tche.br/faem/agrociencia/v9n1/artigo14.htm |
| 909 |
_a202311 _bLúcia _c55 _dLúcia Elande |
||
| 942 |
_2AGRIS _n0 _cANA |
||
| 999 |
_c176587 _d176587 |
||